Largest Private Employers in the United States - Statistics

General Stats
  • This quiz has been taken 43 times
  • The average score is 5 of 25
Answer Stats
Amount of Employees Employer % Correct
341,000 Amazon
74%
420,000 McDonald's
66%
347,000 Target
53%
216,000 General Motors
45%
223,715 Bank of America
39%
241,359 JPMorgan Chase
37%
264,500 Wells Fargo
32%
298,099 FedEx
29%
400,000 Kroger
29%
243,620 AT&T
21%
371,000 The Home Depot
21%
213,000 Walgreens
21%
265,000 Albertsons
11%
241,000 Citigroup
11%
270,000 Lowe's
11%
271,000 PepsiCo
11%
362,000 United Parcel Service
11%
316,000 Berkshire Hathaway
8%
225,400 Deloitte
8%
216,000 Aramark
5%
303,405 Yum! Brands
5%
1,500,000 Wal-Mart Stores
3%
302,000 Hewlett-Packard
0%
377,757 International Business Machines
0%
2,711,000 U.S. Federal Government
0%
No matching quizzes found
Score Distribution
Percent of People with Each Score
Percentile by Number Answered
Your Score History
You have not taken this quiz